[Event "Wch U16 blitz"]
[Site "Batumi"]
[Date "2023.06.10"]
[Round "1"]
[White "Gogia, Alexandre"]
[Black "Safarov, Deniel"]
[Result "0-1"]
[WhiteElo "1600"]
[BlackElo "1950"]
[PlyCount "72"]
[EventDate "2023.06.10"]
[EventType "swiss (blitz)"]
[EventRounds "11"]
[EventCountry "GEO"]
[SourceTitle "EXT 2024"]
[Source "ChessBase"]
[SourceDate "2023.10.10"]
[SourceVersion "1"]
[SourceVersionDate "2023.10.10"]
[SourceQuality "1"]
[WhiteTeam "Georgia"]
[BlackTeam "Georgia"]
[WhiteTeamCountry "GEO"]
[BlackTeamCountry "GEO"]

1. d4 Nf6 2. Nf3 g6 3. g3 Bg7 4. Bg2 0-0 5. 0-0 d6 6. c4 c6 7. Nc3 Qb6 8. e4 Bg4 9. h3 Bxf3 10. Bxf3 Nfd7 11. Ne2 c5 12. Be3 Qa6 13. Qc2 Nc6 14. Rfd1 Rfd8 15. Rac1 Rac8 16. dxc5 dxc5 17. a3 Qb6 18. Nc3 e6 19. Rd2 Nd4 20. Bxd4 cxd4 21. Nb5 a6 22. Nxd4 Bxd4 23. Rcd1 e5 24. b4 Nf6 25. c5 Qe6 26. Be2 Qxh3 27. Qb3 Nxe4 28. Bc4 Nxd2 29. Rxd2 Rc7 30. Qf3 Qf5 31. Qg2 Rcd7 32. g4 Qf4 33. Re2 Bc3 34. Bb3 Rd1+ 35. Bxd1 Rxd1+ 36. Qf1 Qxg4+ 0-1

[Event "Wch U16 rapid"]
[Site "Batumi"]
[Date "2023.06.07"]
[Round "7"]
[White "Gogia, Alexandre"]
[Black "Altynbekuly, Madiyar"]
[Result "1-0"]
[WhiteElo "1532"]
[BlackElo "1775"]
[PlyCount "103"]
[EventDate "2023.06.06"]
[EventType "swiss (rapid)"]
[EventRounds "11"]
[EventCountry "GEO"]
[SourceTitle "EXT 2024"]
[Source "ChessBase"]
[SourceDate "2023.10.10"]
[SourceVersion "1"]
[SourceVersionDate "2023.10.10"]
[SourceQuality "1"]
[WhiteTeam "Georgia"]
[BlackTeam "Kazakhstan"]
[WhiteTeamCountry "GEO"]
[BlackTeamCountry "KAZ"]

1. e4 c5 2. Nf3 d6 3. d4 cxd4 4. Nxd4 Nf6 5. Nc3 Nc6 6. Bg5 e6 7. Qd2 a6 8. 0-0-0 Bd7 9. f4 b5 10. Nf3 b4 11. Bxf6 gxf6 12. Ne2 h5 13. Ned4 Qb6 14. Kb1 Rc8 15. Qd3 Nxd4 16. Nxd4 a5 17. Be2 Qc5 18. f5 e5 19. Nb5 Rc6 20. c4 Rb6 21. Qd5 Qc8 22. Qd3 Be7 23. a4 bxa3 24. Nxa3 Qb7 25. Nb5 Bc6 26. Bf3 Bxb5 27. cxb5 Rxb5 28. Rd2 a4 29. Rc1 Kf8 30. Qa3 Kg7 31. Qxa4 Ra8 32. Qc4 Rba5 33. Rc3 Ra1+ 34. Kc2 R1a2 35. Qb3 Qa7 36. Bxh5 Bf8 37. Rg3+ Kh6 38. Bxf7 Rc8+ 39. Bc4 Qa4 40. Rh3+ Kg7 41. Rg3+ Kh7 42. Qxa4 Rxa4 43. b3 Ra7 44. Rdd3 Ra2+ 45. Kb1 Rca8 46. Rh3+ Bh6 47. Rxd6 Ra1+ 48. Kb2 R8a2+ 49. Kc3 Rc1+ 50. Kb4 Ra7 51. Rxf6 Rb7+ 52. Bb5 1-0

[Event "Poti op 14th"]
[Site "Poti"]
[Date "2019.07.14"]
[Round "2"]
[White "Gogia, Alexandre"]
[Black "Sturua, Tengiz"]
[Result "1-0"]
[WhiteElo "1368"]
[BlackElo "1182"]
[PlyCount "57"]
[EventDate "2019.07.13"]
[EventType "swiss"]
[EventRounds "9"]
[EventCountry "GEO"]
[SourceTitle "EXT 2020"]
[Source "ChessBase"]
[SourceDate "2019.10.17"]
[SourceVersion "1"]
[SourceVersionDate "2019.10.17"]
[SourceQuality "1"]

1. d4 d5 2. Nf3 Nf6 3. e3 e6 4. Bd3 c5 5. c3 Nc6 6. Nbd2 Bd6 7. dxc5 Bxc5 8. b4 Bd6 9. 0-0 0-0 10. Re1 Bd7 11. a3 Qc7 12. Bb2 Rac8 13. c4 dxc4 14. Nxc4 Kh8 15. Bxf6 gxf6 16. Bxh7 Bxh2+ 17. Nxh2 Kxh7 18. Qh5+ Kg7 19. Qg4+ Kh7 20. Qh4+ Kg7 21. Ng4 Rh8 22. Qxf6+ Kg8 23. Nh6+ Rxh6 24. Qxh6 Ne7 25. Rac1 Nf5 26. Qg5+ Kh7 27. e4 Rg8 28. Qh5+ Nh6 29. Ne5 1-0